Quần vợt Kỹ thuật và thực hành

Đã lưu trong:
書目詳細資料
主要作者: Piacentini, S.
格式: 圖書
語言:Undetermined
出版: Hà Nội TDTT 1999
主題:
標簽: 添加標簽
沒有標簽, 成為第一個標記此記錄!
Thư viện lưu trữ: Trung tâm Học liệu Trường Đại học Cần Thơ
LEADER 00582nam a2200205Ia 4500
001 CTU_47375
008 210402s9999 xx 000 0 und d
082 |a 796.342 
082 |b P579 
100 |a Piacentini, S. 
245 0 |a Quần vợt 
245 0 |b Kỹ thuật và thực hành 
245 0 |c S. Piacentini, P. Missaglia ; Dịch giả: Nguyễn Ngọc Sương 
260 |a Hà Nội 
260 |b TDTT 
260 |c 1999 
526 |a Quần vợt 
526 |b TC317 
650 |a tennis 
980 |a Trung tâm Học liệu Trường Đại học Cần Thơ